[Event "SR 2. liga A 2009/2010"]
[Site "?"]
[Date "2010.02.07"]
[Round "9.6"]
[White "Stepanovic, Branislav"]
[Black "Mikulas, Dusan"]
[Result "1/2-1/2"]
[WhiteElo "2001"]
[BlackElo "2210"]
[PlyCount "42"]
[EventDate "2009.??.??"]
[WhiteTeam "Slovakia"]
[BlackTeam "II"]
[WhiteTeamCountry "SVK"]
[BlackTeamCountry "SVK"]

1. e4 e5 2. Nf3 Nc6 3. Bb5 a6 4. Ba4 Nf6 5. O-O Be7 6. Re1 b5 7. Bb3 O-O 8. h3
d6 9. c3 Na5 10. Bc2 c5 11. d4 Qc7 12. d5 Ne8 13. Nbd2 f5 14. exf5 Bxf5 15.
Bxf5 Rxf5 16. Ne4 g6 17. g4 Rf7 18. Neg5 Bxg5 19. Nxg5 Rf6 20. Ne4 Rf7 21. Ng5
Rf6 1/2-1/2

[Event "SR 2. liga A 2009/2010"]
[Site "?"]
[Date "2010.02.07"]
[Round "9.6"]
[White "Sustak, Roman"]
[Black "Kozinka, Jan"]
[Result "0-1"]
[WhiteElo "1923"]
[BlackElo "1818"]
[PlyCount "110"]
[EventDate "2009.??.??"]
[WhiteTeam "Slovakia"]
[BlackTeam "II"]
[WhiteTeamCountry "SVK"]
[BlackTeamCountry "SVK"]

1. Nf3 d6 2. d4 g6 3. c4 Bg7 4. Nc3 c5 5. d5 Bxc3+ 6. bxc3 Nf6 7. Bh6 Ne4 8.
Qb3 Qa5 9. Qb5+ Qxb5 10. cxb5 Rg8 11. Bd2 a6 12. e3 a5 13. Bd3 Nxd2 14. Kxd2
Nd7 15. h4 h6 16. Nh2 c4 17. Be2 Nb6 18. e4 Bd7 19. f4 Rc8 20. Nf3 Rc5 21. Nd4
h5 22. Bf3 Bg4 23. Ke3 Bd7 24. Rag1 Rh8 25. g4 hxg4 26. Bxg4 Na4 27. Bxd7+ Kxd7
28. Kd2 Nb6 29. Rg5 Rcc8 30. f5 Rcg8 31. Nf3 gxf5 32. Rxf5 Rg2+ 33. Ke3 f6 34.
Nd2 a4 35. Rf2 Rg3+ 36. Rf3 Rg2 37. Rf2 Rg3+ 38. Rf3 Rg2 39. h5 a3 40. h6 Rh7
41. Rf2 Rg3+ 42. Nf3 f5 43. Kf4 Rg6 44. Kxf5 Rgxh6 45. Rxh6 Rxh6 46. Kf4 Na4
47. Rc2 Kc7 48. Nd2 Nb2 49. Nb1 Rh4+ 50. Kf5 Nd3 51. Re2 Kb6 52. Nxa3 Kc5 53.
Kg5 Rf4 54. b6 Rf1 55. Kg4 Rc1 0-1

[Event "SR 2. liga A 2009/2010"]
[Site "?"]
[Date "2010.02.07"]
[Round "9.6"]
[White "Zitniak, Jozef"]
[Black "Beles, Milan"]
[Result "0-1"]
[WhiteElo "1944"]
[BlackElo "2074"]
[PlyCount "60"]
[EventDate "2009.??.??"]
[WhiteTeam "Slovakia"]
[BlackTeam "II"]
[WhiteTeamCountry "SVK"]
[BlackTeamCountry "SVK"]

1. e4 c5 2. Nf3 d6 3. Be2 Nf6 4. d3 e6 5. c4 Nc6 6. Nc3 d5 7. O-O d4 8. Nb1 Be7
9. Bg5 O-O 10. Nbd2 a6 11. b3 b5 12. a3 b4 13. a4 Nd7 14. Bxe7 Qxe7 15. h3 Bb7
16. Nh2 f5 17. Bf3 f4 18. Re1 Nce5 19. Ndf1 Qh4 20. Ng4 Nxf3+ 21. Qxf3 h5 22.
Ngh2 Ne5 23. Qd1 f3 24. Ra2 Rf6 25. Nxf3 Nxf3+ 26. gxf3 Qxh3 27. Ng3 h4 28. Rf1
Rg6 29. f4 hxg3 30. f3 Rh6 0-1

[Event "SR 2. liga A 2009/2010"]
[Site "?"]
[Date "2010.02.07"]
[Round "9.7"]
[White "Barca, Michal"]
[Black "Farkas, Vladimir"]
[Result "0-1"]
[WhiteElo "1809"]
[BlackElo "1959"]
[PlyCount "56"]
[EventDate "2009.??.??"]
[WhiteTeam "Slovakia"]
[BlackTeam "II"]
[WhiteTeamCountry "SVK"]
[BlackTeamCountry "SVK"]

1. c4 Nf6 2. Nc3 g6 3. d4 d6 4. Nf3 Bg7 5. Bg5 h6 6. Bh4 O-O 7. e4 g5 8. Bg3
Nh5 9. Nxg5 Nxg3 10. hxg3 hxg5 11. Qh5 Re8 12. e5 Bf5 13. e6 Bg6 14. exf7+ Kxf7
15. Qf3+ Kg8 16. Bd3 Bxd3 17. Qxd3 e6 18. Qh7+ Kf8 19. f4 Nd7 20. O-O-O Nf6 21.
Qg6 gxf4 22. Rdf1 e5 23. gxf4 exd4 24. f5 dxc3 25. Rf3 cxb2+ 26. Kb1 Qe7 27.
Rfh3 Ng8 28. f6 Bxf6 0-1

[Event "SR 2. liga A 2009/2010"]
[Site "?"]
[Date "2010.02.07"]
[Round "9.7"]
[White "Cajka, Tibor"]
[Black "Merva, Frantisek"]
[Result "1/2-1/2"]
[WhiteElo "1932"]
[BlackElo "2053"]
[PlyCount "105"]
[EventDate "2009.??.??"]
[WhiteTeam "Slovakia"]
[BlackTeam "II"]
[WhiteTeamCountry "SVK"]
[BlackTeamCountry "SVK"]

1. e4 e5 2. Nf3 Nc6 3. Bb5 a6 4. Ba4 Nf6 5. O-O Be7 6. Re1 b5 7. Bb3 O-O 8. h3
Rb8 9. c3 d5 10. exd5 Nxd5 11. d4 exd4 12. Nxd4 Nxd4 13. Qxd4 Bb7 14. Bxd5 Bxd5
15. Bf4 Be6 16. Qxd8 Bxd8 17. Nd2 Rc8 18. Ne4 c5 19. Bd6 c4 20. Bxf8 Kxf8 21.
Rad1 Be7 22. a3 a5 23. Nd6 Rb8 24. Re5 Rd8 25. Rxb5 Bxd6 26. Rd4 Bc7 27. Rxd8+
Bxd8 28. Rb7 Ke8 29. Rb5 Kd7 30. Re5 Kd6 31. Re2 Bg5 32. g4 Bf4 33. f3 g5 34.
Kf2 Kc5 35. Ke1 Bd5 36. Re8 Bxf3 37. Rc8+ Kb5 38. Kf2 Be4 39. a4+ Kb6 40. Rxc4
Bd5 41. Rc8 Bb3 42. Ra8 h6 43. Rh8 Kb7 44. Rxh6 Bc1 45. Rf6 Be6 46. b4 axb4 47.
cxb4 Bd2 48. b5 Kb6 49. Ke2 Bb4 50. Rh6 Bc3 51. Kf3 Be1 52. Ke2 Bb4 53. Kf3
1/2-1/2

[Event "SR 2. liga A 2009/2010"]
[Site "?"]
[Date "2010.02.07"]
[Round "9.7"]
[White "Gajarsky, Julius"]
[Black "Soldan, Jan"]
[Result "1-0"]
[WhiteElo "1802"]
[BlackElo "1909"]
[PlyCount "97"]
[EventDate "2009.??.??"]
[WhiteTeam "Slovakia"]
[BlackTeam "II"]
[WhiteTeamCountry "SVK"]
[BlackTeamCountry "SVK"]

1. d4 Nf6 2. c4 g6 3. Nc3 Bg7 4. e4 d6 5. Be2 O-O 6. f4 c5 7. d5 e6 8. Qc2 exd5
9. cxd5 Re8 10. Nf3 Nbd7 11. O-O Nb6 12. Nd2 Nfxd5 13. exd5 Bxc3 14. Qxc3 Rxe2
15. b3 Qe7 16. Bb2 Qe3+ 17. Qxe3 Rxe3 18. Rae1 Rxe1 19. Rxe1 Kf8 20. Ne4 Nxd5
21. Nxd6 Be6 22. Nxb7 Nxf4 23. Nxc5 Rc8 24. Ba3 Kg8 25. Nxe6 Nxe6 26. Rc1 Rxc1+
27. Bxc1 Kf8 28. Kf2 Ke7 29. Ke3 Kd6 30. Ke4 Nc5+ 31. Kd4 Ne6+ 32. Kc4 Kc6 33.
Be3 a6 34. b4 Nd8 35. a4 Nb7 36. b5+ axb5+ 37. axb5+ Kd6 38. Bf4+ Ke6 39. b6 h5
40. Kb5 Kd5 41. Bg5 Nd6+ 42. Ka6 Kc6 43. Bf6 Nb7 44. Bg5 Nd6 45. Bf4 Nb7 46.
Bg5 Nd6 47. Bf4 Nb7 48. h4 f5 49. g3 1-0

[Event "SR 2. liga A 2009/2010"]
[Site "?"]
[Date "2010.02.07"]
[Round "9.7"]
[White "Gettler, Daniel"]
[Black "Halas, Miroslav"]
[Result "0-1"]
[WhiteElo "1950"]
[BlackElo "1939"]
[PlyCount "92"]
[EventDate "2009.??.??"]
[WhiteTeam "Slovakia"]
[BlackTeam "II"]
[WhiteTeamCountry "SVK"]
[BlackTeamCountry "SVK"]

1. f4 g6 2. Nf3 Bg7 3. g3 d5 4. Bg2 c6 5. d3 Qb6 6. c3 Nd7 7. Qb3 Qc7 8. O-O
Ngf6 9. Nbd2 Ng4 10. e4 Nc5 11. Qa3 Nxd3 12. c4 Qb6+ 13. c5 Nxc5 14. Kh1 Nxe4
15. Nxe4 dxe4 16. Ne5 Bxe5 17. fxe5 Nf2+ 18. Rxf2 Qxf2 19. Be3 Qf5 20. Qc3 O-O
21. Rf1 Qe6 22. b3 f5 23. Rd1 Bd7 24. Bf1 b5 25. a4 a6 26. a5 Be8 27. Bh6 Bf7
28. Bxf8 Kxf8 29. b4 Qb3 30. Qd4 Qd5 31. Qa1 Qb3 32. Qd4 Bd5 33. Kg1 Bc4 34.
Bxc4 Qxc4 35. Qb6 Qe2 36. Qd4 e3 37. Rf1 Qd2 38. Qa1 e2 39. Re1 Rd8 40. Kf2
Qxb4 41. e6 Qd4+ 42. Kxe2 Qxa1 43. Rxa1 Rd6 44. Ke3 Rxe6+ 45. Kd4 Re4+ 46. Kc5
Ra4 0-1

[Event "SR 2. liga A 2009/2010"]
[Site "?"]
[Date "2010.02.07"]
[Round "9.7"]
[White "Klimes, Milan"]
[Black "Pobjecky, Ivan"]
[Result "0-1"]
[WhiteElo "1933"]
[BlackElo "2043"]
[PlyCount "48"]
[EventDate "2009.??.??"]
[WhiteTeam "Slovakia"]
[BlackTeam "II"]
[WhiteTeamCountry "SVK"]
[BlackTeamCountry "SVK"]

1. Nf3 Nf6 2. c4 g6 3. d4 Bg7 4. Nc3 O-O 5. g3 d5 6. cxd5 Nxd5 7. Bg2 c5 8. O-O
Nc6 9. Nxd5 Qxd5 10. e3 Qh5 11. Nh4 Bg4 12. f3 Bc8 13. f4 Bg4 14. Bf3 Bxf3 15.
Nxf3 Rfd8 16. Qb3 cxd4 17. Ng5 Rf8 18. Qxb7 Rac8 19. Rb1 Qe2 20. b4 dxe3 21. b5
Nd4 22. Rb2 Qd3 23. Rg2 e2 24. Re1 Rxc1 0-1

[Event "SR 2. liga A 2009/2010"]
[Site "?"]
[Date "2010.02.07"]
[Round "9.7"]
[White "Michal, Silvio"]
[Black "Adamcik, Tomas"]
[Result "1/2-1/2"]
[WhiteElo "2105"]
[BlackElo "1940"]
[PlyCount "114"]
[EventDate "2009.??.??"]
[WhiteTeam "Slovakia"]
[BlackTeam "II"]
[WhiteTeamCountry "SVK"]
[BlackTeamCountry "SVK"]

1. d4 Nf6 2. c4 c5 3. d5 b5 4. cxb5 a6 5. b6 Bb7 6. Nc3 Qxb6 7. e4 d6 8. a4 g6
9. f4 Nbd7 10. a5 Qc7 11. Bc4 Bg7 12. Nf3 O-O 13. O-O Rae8 14. Qe2 e6 15. dxe6
fxe6 16. Qd3 d5 17. exd5 exd5 18. Nxd5 Nxd5 19. Bxd5+ Bxd5 20. Qxd5+ Kh8 21.
Qc4 Qc6 22. Ra3 Re4 23. Qc2 Rfe8 24. Ne5 Nxe5 25. fxe5 R8xe5 26. Raf3 Re8 27.
Bd2 Qd6 28. Bc3 Bd4+ 29. Kh1 Bxc3 30. Qxc3+ Qd4 31. Qb3 Re1 32. h3 Rxf1+ 33.
Rxf1 c4 34. Qb7 Qd3 35. Qf7 Qe2 36. Qf6+ Kg8 37. Rf4 Qe1+ 38. Kh2 Qe5 39. Qf7+
Kh8 40. h4 Rg8 41. Qf6+ Qxf6 42. Rxf6 Rb8 43. Rb6 Rc8 44. Rxa6 c3 45. bxc3 Rxc3
46. Ra7 Ra3 47. g4 h6 48. a6 Kg8 49. Kg2 Kh8 50. Kf2 Kg8 51. Ke2 Kh8 52. Kd2
Kg8 53. Kc2 Ra4 54. Ra8+ Kg7 55. a7 Kh7 56. Kb3 Ra1 57. Kc4 Ra5 1/2-1/2

[Event "SR 2. liga A 2009/2010"]
[Site "?"]
[Date "2010.02.07"]
[Round "9.8"]
[White "Goga, Frantisek"]
[Black "Filip, Frantisek"]
[Result "1-0"]
[WhiteElo "1984"]
[BlackElo "1842"]
[PlyCount "83"]
[EventDate "2009.??.??"]
[WhiteTeam "Slovakia"]
[BlackTeam "II"]
[WhiteTeamCountry "SVK"]
[BlackTeamCountry "SVK"]

1. e4 d5 2. exd5 Qxd5 3. Nc3 Qe6+ 4. Be2 c6 5. d4 Qg6 6. g3 Bf5 7. Bh5 Qe6+ 8.
Be3 Nf6 9. Be2 Qd7 10. Nf3 e6 11. a3 Bd6 12. Nh4 Bg6 13. Nxg6 hxg6 14. Qd2 Qc7
15. Bf3 Nbd7 16. O-O-O Nb6 17. Qe2 O-O-O 18. Bg5 Kb8 19. Ne4 Be7 20. Bf4 Bd6
21. Nxd6 Rxd6 22. c4 Nbd5 23. Bxd6 Qxd6 24. cxd5 cxd5 25. Qe5 Kc7 26. Qxd6+
Kxd6 27. h4 a6 28. Kd2 Ne8 29. Rc1 Nc7 30. Be2 f6 31. Bd3 Rh6 32. f4 f5 33. Rc5
Rh8 34. Rhc1 Rc8 35. a4 Kd7 36. b4 Kd6 37. b5 axb5 38. axb5 b6 39. Rc6+ Kd7 40.
Rxb6 Ne8 41. Rxc8 Kxc8 42. Rxe6 1-0

[Event "SR 2. liga A 2009/2010"]
[Site "?"]
[Date "2010.02.07"]
[Round "9.8"]
[White "Jurcak, Marian"]
[Black "Zacik, Anton"]
[Result "1/2-1/2"]
[WhiteElo "1918"]
[BlackElo "2018"]
[PlyCount "128"]
[EventDate "2009.??.??"]
[WhiteTeam "Slovakia"]
[BlackTeam "II"]
[WhiteTeamCountry "SVK"]
[BlackTeamCountry "SVK"]

1. c3 d5 2. g3 Nf6 3. Bg2 e5 4. d3 Bc5 5. Nf3 Nc6 6. b4 Bd6 7. b5 Ne7 8. a4 O-O
9. O-O h6 10. Bb2 Ng6 11. Qc2 Bf5 12. h3 h5 13. Nbd2 Qd7 14. Kh2 h4 15. e4 Be6
16. Ng5 c6 17. Nxe6 Qxe6 18. Nf3 dxe4 19. dxe4 cxb5 20. axb5 hxg3+ 21. fxg3 Qc4
22. Rfd1 Rfd8 23. Bf1 Qxe4 24. Qg2 Qf5 25. c4 b6 26. Bd3 Qh5 27. Bxg6 fxg6 28.
Rxd6 Rxd6 29. g4 Qh8 30. Bxe5 Rdd8 31. g5 Nd7 32. Bf4 Kh7 33. Qg4 Qe8 34. Re1
Qf7 35. Bc7 Rf8 36. Re3 Rae8 37. Rxe8 Rxe8 38. Kg3 Nc5 39. Be5 Nd3 40. Bd4 Qc7+
41. Kg2 Qf4 42. Qxf4 Nxf4+ 43. Kh2 Rc8 44. Ne5 Rd8 45. Nc6 Rd7 46. Be5 Nd3 47.
Bb8 Nb2 48. Ne5 Rb7 49. Bd6 Na4 50. Kg3 Nc5 51. Kf3 a6 52. Bxc5 bxc5 53. bxa6
Ra7 54. Ke4 Rxa6 55. Kd5 Ra3 56. Kxc5 Rxh3 57. Kd6 Rc3 58. c5 Kg8 59. c6 Kf8
60. Nxg6+ Ke8 61. Ne5 Rc1 62. Ke6 Kd8 63. Kd6 Rd1+ 64. Ke6 Kc7 1/2-1/2

[Event "SR 2. liga A 2009/2010"]
[Site "?"]
[Date "2010.02.07"]
[Round "9.8"]
[White "Manak, Jozef"]
[Black "Hefka, Vladimir"]
[Result "1/2-1/2"]
[WhiteElo "2016"]
[BlackElo "1973"]
[PlyCount "103"]
[EventDate "2009.??.??"]
[WhiteTeam "Slovakia"]
[BlackTeam "II"]
[WhiteTeamCountry "SVK"]
[BlackTeamCountry "SVK"]

1. e4 c5 2. Nf3 d6 3. d4 cxd4 4. Nxd4 Nf6 5. Nc3 a6 6. Be3 e5 7. Nb3 Be7 8. Be2
Be6 9. O-O O-O 10. f4 Qc7 11. f5 Bc4 12. Bxc4 Qxc4 13. Qd3 Rc8 14. Bg5 Nbd7 15.
a4 b6 16. Rfd1 Qc7 17. Rd2 Qb7 18. Qf3 b5 19. Bxf6 Nxf6 20. Qd3 b4 21. Nd5 Nxd5
22. exd5 Bd8 23. Re2 Qc7 24. Nd4 Qc5 25. Kh1 Qxd5 26. Rd1 Bb6 27. Nf3 Qxd3 28.
Rxd3 Rd8 29. Rd5 Rac8 30. Red2 Bc5 31. Nxe5 Re8 32. Nf3 Rc7 33. g4 Rce7 34. Kg2
Re2+ 35. Kf1 Rxd2 36. Rxd2 f6 37. Re2 Kf7 38. Rxe8 Kxe8 39. Ke2 Kd7 40. Kd3 d5
41. Nd4 Bxd4 42. Kxd4 Kc6 43. c4 bxc3 44. bxc3 h5 45. gxh5 Kd6 46. h3 Kc6 47.
c4 dxc4 48. Kxc4 Kd6 49. Kd4 Kc6 50. Kc4 Kd6 51. Kb4 Kc6 52. Kc4 1/2-1/2

[Event "SR 2. liga A 2009/2010"]
[Site "?"]
[Date "2010.02.07"]
[Round "9.8"]
[White "Petrakovic, Kamil"]
[Black "Kavon, Rastislav"]
[Result "1/2-1/2"]
[WhiteElo "1820"]
[BlackElo "1503"]
[PlyCount "48"]
[EventDate "2009.??.??"]
[WhiteTeam "Slovakia"]
[BlackTeam "II"]
[WhiteTeamCountry "SVK"]
[BlackTeamCountry "SVK"]

1. e4 d6 2. Nf3 Nf6 3. Nc3 g6 4. Bc4 Bg7 5. O-O O-O 6. h3 c6 7. Re1 b5 8. Bd3
e5 9. Bf1 Nbd7 10. d3 Bb7 11. Bd2 a5 12. a4 b4 13. Ne2 c5 14. Ng3 Rc8 15. Rb1
Nb6 16. b3 Nbd7 17. Qc1 Re8 18. Nh2 Re6 19. Bg5 Qc7 20. Be2 h5 21. Nf3 Nh7 22.
Bh6 Bxh6 23. Qxh6 g5 24. Qxh5 Ndf6 1/2-1/2

[Event "SR 2. liga A 2009/2010"]
[Site "?"]
[Date "2010.02.07"]
[Round "9.8"]
[White "Svoboda, Adam"]
[Black "Padysak, Tomas"]
[Result "1/2-1/2"]
[WhiteElo "1821"]
[BlackElo "2022"]
[PlyCount "69"]
[EventDate "2009.??.??"]
[WhiteTeam "Slovakia"]
[BlackTeam "II"]
[WhiteTeamCountry "SVK"]
[BlackTeamCountry "SVK"]

1. e4 c5 2. Nf3 d6 3. d4 cxd4 4. Nxd4 Nf6 5. Nc3 a6 6. Bg5 e6 7. Qd2 Qb6 8.
O-O-O Nc6 9. f4 Be7 10. Be2 Bd7 11. Bf3 O-O-O 12. Rhe1 Rhe8 13. e5 dxe5 14.
fxe5 Nxd4 15. Qxd4 Qxd4 16. Rxd4 Nd5 17. Bxe7 Nxe7 18. Ne4 Nf5 19. Nd6+ Nxd6
20. Rxd6 Bb5 21. Rb6 Re7 22. b3 Rc7 23. c4 Bc6 24. Bxc6 Rxc6 25. Rxc6+ bxc6 26.
Rf1 Rd7 27. Kc2 Kd8 28. b4 Ke7 29. Rf3 Rd4 30. Ra3 c5 31. Kc3 cxb4+ 32. Kxb4
Rd2 33. Rxa6 Rxg2 34. Kc5 Rxh2 35. Ra7+ 1/2-1/2

[Event "SR 2. liga A 2009/2010"]
[Site "?"]
[Date "2010.02.07"]
[Round "9.8"]
[White "Takacs, Laszlo"]
[Black "Pericka, Tomas"]
[Result "0-1"]
[WhiteElo "1838"]
[BlackElo "1910"]
[PlyCount "64"]
[EventDate "2009.??.??"]
[WhiteTeam "Slovakia"]
[BlackTeam "II"]
[WhiteTeamCountry "SVK"]
[BlackTeamCountry "SVK"]

1. e4 c5 2. Nf3 Nc6 3. d4 cxd4 4. Nxd4 g6 5. c4 Bg7 6. Be3 Nf6 7. Nc3 Ng4 8.
Qxg4 Nxd4 9. Qd1 e5 10. Bd3 O-O 11. O-O d6 12. Qd2 Be6 13. Rad1 Rc8 14. b3 Qa5
15. Bxd4 exd4 16. Nb5 Qxd2 17. Rxd2 a6 18. Nxd6 Rc7 19. f4 Rd8 20. e5 f5 21.
exf6 Bxf6 22. Ne4 Be7 23. Ng3 Bb4 24. Rc2 Re7 25. Rcf2 Bg4 26. f5 Re3 27. Be4
d3 28. h3 Be2 29. Bd5+ Rxd5 30. cxd5 Rxg3 31. Rb1 Bc5 32. Rb2 Rg5 0-1

[Event "SR 2. liga A 2009/2010"]
[Site "?"]
[Date "2010.02.27"]
[Round "10.1"]
[White "Duben, Igor"]
[Black "Doucha, Ludvik"]
[Result "1/2-1/2"]
[WhiteElo "2222"]
[BlackElo "2095"]
[PlyCount "38"]
[EventDate "2009.??.??"]
[WhiteTeam "Slovakia"]
[BlackTeam "II"]
[WhiteTeamCountry "SVK"]
[BlackTeamCountry "SVK"]

1. Nf3 Nf6 2. c4 g6 3. Nc3 Bg7 4. g3 O-O 5. Bg2 d6 6. d4 Nbd7 7. O-O e5 8. e4
Re8 9. h3 c6 10. Be3 Qc7 11. Qc2 b5 12. dxe5 dxe5 13. Qb3 bxc4 14. Qxc4 Nb6 15.
Qc5 Ba6 16. Rfe1 Nfd7 17. Qa5 Qb7 18. b3 Bf8 19. Rac1 Rac8 1/2-1/2

[Event "SR 2. liga A 2009/2010"]
[Site "?"]
[Date "2010.02.27"]
[Round "10.1"]
[White "Kleman, Miroslav"]
[Black "Rachela, Milan"]
[Result "0-1"]
[WhiteElo "2222"]
[BlackElo "2346"]
[PlyCount "88"]
[EventDate "2009.??.??"]
[WhiteTeam "Slovakia"]
[BlackTeam "II"]
[WhiteTeamCountry "SVK"]
[BlackTeamCountry "SVK"]

1. Nf3 Nf6 2. g3 b5 3. Bg2 d5 4. c3 e6 5. Qb3 c6 6. a4 b4 7. cxb4 Qb6 8. d4
Bxb4+ 9. Bd2 Na6 10. O-O Rb8 11. Rc1 O-O 12. Bc3 Ne4 13. Qd1 c5 14. e3 c4 15.
Nbd2 Nd6 16. Ne1 Bd7 17. Nc2 Bxc3 18. bxc3 Qa5 19. Ra3 f5 20. f3 Qc7 21. e4
fxe4 22. fxe4 dxe4 23. Nxe4 Nxe4 24. Bxe4 Bc6 25. d5 Bxd5 26. Bxd5 Qc5+ 27. Qd4
exd5 28. Qxc5 Nxc5 29. Nb4 Ne4 30. Nxd5 Rb2 31. Rf1 Rxf1+ 32. Kxf1 Rxh2 33. Ne3
Nxg3+ 34. Kg1 Re2 35. Nxc4 Rc2 36. Rb3 h5 37. Ne5 Rxc3 38. Rb7 Rc5 39. Ng6 Ra5
40. Ne7+ Kh7 41. Nc6 Rxa4 42. Nxa7 Ra2 43. Nc6 h4 44. Ne5 h3 0-1

[Event "SR 2. liga A 2009/2010"]
[Site "?"]
[Date "2010.02.27"]
[Round "10.1"]
[White "Kozinka, Roman"]
[Black "Malar, Pavol"]
[Result "1-0"]
[WhiteElo "2044"]
[BlackElo "2133"]
[PlyCount "79"]
[EventDate "2009.??.??"]
[WhiteTeam "Slovakia"]
[BlackTeam "II"]
[WhiteTeamCountry "SVK"]
[BlackTeamCountry "SVK"]

1. d4 e6 2. Nf3 f5 3. g3 Nf6 4. c4 Be7 5. Bg2 O-O 6. d5 exd5 7. cxd5 Bb4+ 8.
Bd2 Qe7 9. Nc3 d6 10. Nd4 Na6 11. O-O Bxc3 12. Bxc3 Ne4 13. Be1 f4 14. Qc2 Ng5
15. h4 Nf7 16. gxf4 Qxh4 17. e3 Nh6 18. f3 Qh5 19. Rf2 Qxd5 20. Bf1 Qf7 21. Bc4
d5 22. Bxa6 bxa6 23. Rc1 Bd7 24. Rg2 c5 25. Nb3 Nf5 26. Qd2 Rae8 27. Bf2 c4 28.
Nd4 Nd6 29. Qa5 Bc8 30. Qc5 Nf5 31. Nxf5 Bxf5 32. Be1 g6 33. Bc3 Qe6 34. Kf2
Kf7 35. Qd4 Rg8 36. Rh1 h5 37. Rxh5 Qxe3+ 38. Qxe3 gxh5 39. Qxa7+ Re7 40. Rxg8
1-0

[Event "SR 2. liga A 2009/2010"]
[Site "?"]
[Date "2010.02.27"]
[Round "10.1"]
[White "Likavsky, Tomas"]
[Black "Tibensky, Robert"]
[Result "1-0"]
[WhiteElo "2478"]
[BlackElo "2401"]
[PlyCount "65"]
[EventDate "2009.??.??"]
[WhiteTeam "Slovakia"]
[BlackTeam "II"]
[WhiteTeamCountry "SVK"]
[BlackTeamCountry "SVK"]

1. d4 Nf6 2. c4 e6 3. Nc3 Bb4 4. e3 c5 5. Nge2 b6 6. a3 Ba5 7. Rb1 Qe7 8. Bd2
Bxc3 9. Nxc3 Bb7 10. dxc5 bxc5 11. b4 Na6 12. f3 O-O 13. b5 Nc7 14. Be2 d5 15.
O-O Nd7 16. Qb3 Kh8 17. Rfd1 f5 18. Be1 g5 19. Na4 h5 20. Rbc1 Kh7 21. Qc2 Kh6
22. cxd5 Nxd5 23. Bf2 Rac8 24. Nb2 g4 25. Nc4 Rg8 26. fxg4 hxg4 27. e4 fxe4 28.
Qxe4 N7f6 29. Be3+ Kg7 30. Qe5 Nxe3 31. Nxe3 Qc7 32. Rd6 Rcd8 33. Nxg4 1-0

[Event "SR 2. liga A 2009/2010"]
[Site "?"]
[Date "2010.02.27"]
[Round "10.1"]
[White "Polacik, Igor"]
[Black "Kundrik, Peter"]
[Result "1/2-1/2"]
[WhiteElo "2186"]
[BlackElo "2229"]
[PlyCount "113"]
[EventDate "2009.??.??"]
[WhiteTeam "Slovakia"]
[BlackTeam "II"]
[WhiteTeamCountry "SVK"]
[BlackTeamCountry "SVK"]

1. e4 c5 2. Nf3 Nc6 3. d4 cxd4 4. Nxd4 Nf6 5. Nc3 e5 6. Ndb5 d6 7. Bg5 a6 8.
Na3 b5 9. Bxf6 gxf6 10. Nd5 Bg7 11. c3 f5 12. Bd3 Be6 13. Nxb5 axb5 14. Bxb5
Bd7 15. exf5 O-O 16. Qg4 Kh8 17. Qe4 Rb8 18. a4 f6 19. O-O Ne7 20. Bxd7 Nxd5
21. Qxd5 Qxd7 22. b4 Rfc8 23. Qd3 Qc6 24. b5 Qc5 25. c4 Qxc4 26. Qxd6 Rd8 27.
Qe6 Qd4 28. Rfb1 Re8 29. Qf7 e4 30. Rd1 Qe5 31. Qd5 e3 32. Qxe5 Rxe5 33. fxe3
Bh6 34. g4 Bxe3+ 35. Kg2 Bc5 36. Re1 Kg7 37. Rxe5 fxe5 38. Rc1 Bb6 39. Kf3 Kf6
40. Rc6+ Kf7 41. Ke4 Bg1 42. h3 Bh2 43. b6 Rd8 44. Rc4 Rd1 45. Rb4 Re1+ 46. Kd5
Rd1+ 47. Ke4 Re1+ 48. Kf3 e4+ 49. Rxe4 Rb1 50. a5 Ra1 51. Re2 Bb8 52. g5 Rxa5
53. Kg4 Ra4+ 54. Kf3 Rf4+ 55. Kg2 Rxf5 56. h4 Rb5 57. Kh3 1/2-1/2

[Event "SR 2. liga A 2009/2010"]
[Site "?"]
[Date "2010.02.27"]
[Round "10.2"]
[White "Abel, Peter"]
[Black "Petrik, Stanislav"]
[Result "0-1"]
[WhiteElo "2191"]
[BlackElo "2183"]
[PlyCount "88"]
[EventDate "2009.??.??"]
[WhiteTeam "Slovakia"]
[BlackTeam "II"]
[WhiteTeamCountry "SVK"]
[BlackTeamCountry "SVK"]

1. c4 Nf6 2. Nc3 c5 3. g3 g6 4. Bg2 Bg7 5. Nf3 Nc6 6. d4 cxd4 7. Nxd4 Qa5 8.
Nb3 Qb4 9. c5 O-O 10. a3 Qc4 11. O-O b5 12. cxb6 axb6 13. Be3 Ng4 14. Bd2 Rb8
15. Rc1 Qa6 16. Bf4 Nge5 17. Nd2 Bb7 18. Re1 d6 19. Nd5 e6 20. Bxe5 Nxe5 21.
Nb4 Qa8 22. Bxb7 Qxb7 23. e4 Rbc8 24. Qe2 Nc6 25. Nc4 Rfd8 26. Nxc6 Rxc6 27. b3
Qc7 28. Rcd1 b5 29. Ne3 Qa5 30. b4 Qa4 31. Rd3 Rdc8 32. Red1 Bf8 33. Qb2 h5 34.
h3 Bg7 35. Qd2 Bc3 36. Qe2 Qxa3 37. Rxd6 Rxd6 38. Rxd6 Qxb4 39. Qd3 Bf6 40. Kg2
Rc3 41. Qd2 Qxe4+ 42. Kh2 b4 43. Rb6 Kg7 44. Kg1 Bg5 0-1

[Event "SR 2. liga A 2009/2010"]
[Site "?"]
[Date "2010.02.27"]
[Round "10.2"]
[White "Arendas, Marek"]
[Black "Bezuch, Martin"]
[Result "1/2-1/2"]
[WhiteElo "2077"]
[BlackElo "2203"]
[PlyCount "81"]
[EventDate "2009.??.??"]
[WhiteTeam "Slovakia"]
[BlackTeam "II"]
[WhiteTeamCountry "SVK"]
[BlackTeamCountry "SVK"]

1. e4 c6 2. d4 d5 3. Nc3 dxe4 4. Nxe4 Bf5 5. Ng3 Bg6 6. h4 h6 7. h5 Bh7 8. Nf3
Nd7 9. Bd3 Bxd3 10. Qxd3 e6 11. Bd2 Ngf6 12. c4 Qc7 13. Ne4 O-O-O 14. Nxf6 Nxf6
15. Qe2 c5 16. Bc3 cxd4 17. Nxd4 Bb4 18. Nb5 Bxc3+ 19. bxc3 Qc5 20. Rb1 Rd7 21.
Nd4 Qa5 22. O-O Qxh5 23. Nf3 Ng4 24. Rb5 e5 25. Rd1 Rc7 26. Rbd5 f5 27. Qd2 Qe8
28. Re1 Re7 29. Rc5+ Kb8 30. Nxe5 Nxe5 31. Rcxe5 Rxe5 32. Qd6+ Ka8 33. Rxe5 Qc8
34. Qg6 f4 35. Re7 Rd8 36. Qe4 g5 37. a4 a6 38. Re6 Ka7 39. Rxh6 Rd1+ 40. Kh2
Rd7 41. Qf5 1/2-1/2

[Event "SR 2. liga A 2009/2010"]
[Site "?"]
[Date "2010.02.27"]
[Round "10.2"]
[White "Hertel, Ondrej"]
[Black "Liptak, Tomas"]
[Result "0-1"]
[WhiteElo "2051"]
[BlackElo "2036"]
[PlyCount "94"]
[EventDate "2009.??.??"]
[WhiteTeam "Slovakia"]
[BlackTeam "II"]
[WhiteTeamCountry "SVK"]
[BlackTeamCountry "SVK"]

1. d4 Nf6 2. Nf3 d6 3. c4 Nbd7 4. Nc3 e5 5. g3 Be7 6. Bg2 c6 7. dxe5 dxe5 8.
O-O O-O 9. Qc2 Qc7 10. a3 a5 11. Na4 Nc5 12. Nxc5 Bxc5 13. Bd2 a4 14. Bc3 Re8
15. Ng5 Bf8 16. Bb4 g6 17. e4 h6 18. Nf3 Be6 19. Rfd1 Nd7 20. Bxf8 Kxf8 21. b4
c5 22. b5 Nb6 23. Bf1 Rad8 24. Qc3 f6 25. Kg2 Rd7 26. Rxd7 Qxd7 27. Qe3 Bh3+
28. Kg1 Bxf1 29. Qxc5+ Qe7 30. Qxb6 Bxc4 31. Nh4 Kf7 32. Rc1 Rc8 33. Qe3 Kg7
34. Qa7 Qd7 35. Qa5 Bxb5 36. Qe1 Rxc1 37. Qxc1 Qc6 38. Qe3 Qc4 39. h3 Bc6 40.
f3 Qd4 41. Qxd4 exd4 42. Kf2 b5 43. Ng2 b4 44. Nf4 Kf7 45. Nd3 bxa3 46. Nb4 Bb5
47. Ke1 d3 0-1

[Event "SR 2. liga A 2009/2010"]
[Site "?"]
[Date "2010.02.27"]
[Round "10.2"]
[White "Maslik, Miroslav"]
[Black "Meszaros, Michal"]
[Result "1/2-1/2"]
[WhiteElo "2367"]
[BlackElo "2416"]
[PlyCount "42"]
[EventDate "2009.??.??"]
[WhiteTeam "Slovakia"]
[BlackTeam "II"]
[WhiteTeamCountry "SVK"]
[BlackTeamCountry "SVK"]

1. d4 Nf6 2. c4 g6 3. Nc3 Bg7 4. e4 d6 5. Nf3 O-O 6. Be2 e5 7. O-O Nc6 8. d5
Ne7 9. Ne1 Nd7 10. Nd3 f5 11. Bd2 Nf6 12. f3 f4 13. c5 g5 14. Rc1 Rf7 15. cxd6
cxd6 16. Nb5 Ng6 17. Nf2 Bf8 18. Qc2 Ne8 19. Qb3 h5 20. Rc2 Rg7 21. Rfc1 b6
1/2-1/2